Statistics for Countries with 'D' in their name:

Click here to take the quiz!

General Stats

  • This quiz has been taken 56 times
    (51 since last reset)
  • The average score is 37 of 46

Answer Stats

HintAnswer% Correct
United Kingdom
95%
DDenmark
95%
India
95%
JJordan
93%
Ireland
93%
Indonesia
93%
FFinland
90%
Switzerland
90%
IIceland
90%
AAndorra
88%
Canada
88%
United Arab Emirates
86%
United States of America
86%
Djibouti
86%
Chad
86%
Sudan
83%
South Sudan
83%
Swaziland
83%
HHonduras
83%
TThailand
83%
NNetherlands
81%
Sweden
81%
Madagascar
81%
UUganda
81%
Dominica
81%
Dominican Republic
81%
CCambodia
79%
RRwanda
79%
New Zealand
79%
GGrenada
76%
PPoland
76%
Trinidad and Tobago
74%
BBangladesh
74%
EEcuador
74%
Saudi Arabia
74%
Antigua and Barbuda
71%
Barbados
71%
MMacedonia
71%
Moldova
69%
El Salvador
67%
Marshall Islands
67%
Maldives
67%
Solomon Islands
64%
Burundi
64%
Cape Verde
60%
SSaint Vincent and the Grenadines
52%

Score Distribution

Percentile by Number Answered

Percent of People with Each Score

Your Score History

You have not taken this quiz since the last reset